La Physique Des Semiconductors (Record no. 6433)

MARC details
000 -LEADER
fixed length control field 00455nam a2200193Ia 4500
008 - FIXED-LENGTH DATA ELEMENTS--GENERAL INFORMATION
fixed length control field 130729s9999 xx 000 0 und d
072 ## - SUBJECT CATEGORY CODE
Subject category code Physics Of Semiconductors
082 ## - DEWEY DECIMAL CLASSIFICATION NUMBER
Classification number 537.6
082 ## - DEWEY DECIMAL CLASSIFICATION NUMBER
Item number K6341
100 ## - MAIN ENTRY--PERSONAL NAME
Personal name Kireev,P.
9 (RLIN) 656
245 ## - TITLE STATEMENT
Title La Physique Des Semiconductors
245 ## - TITLE STATEMENT
Statement of responsibility, etc Kireev,P.
260 ## - PUBLICATION, DISTRIBUTION, ETC. (IMPRINT)
Place of publication, distribution, etc Moscou
260 ## - PUBLICATION, DISTRIBUTION, ETC. (IMPRINT)
Name of publisher, distributor, etc Editions Mir
260 ## - PUBLICATION, DISTRIBUTION, ETC. (IMPRINT)
Date of publication, distribution, etc 1975
300 ## - PHYSICAL DESCRIPTION
Extent 725
300 ## - PHYSICAL DESCRIPTION
Type of unit Illustration,tables & graph
942 ## - ADDED ENTRY ELEMENTS (KOHA)
Item type Book

No items available.